00713 2200253 4500001002100000008004100021035002000062245008900082100001700171260004100188300002600229020002200255084001400277082000800291650001000299990001700309990001900326990001900345990001900364990001900383990001900402990001900421990001900440INLIS000000000000012 ind  a0010-0724000012 aAku Mencintaimu Dalam DiambKarena Jatuh Cinta Bukanlah Sebuah RencanacPenakecil_id aPenakecil_id aJakarta :bTransmedia Pustaka,c2016 a224 hlm.c13 x 19 cm. a978-602-1036-45-7 a813 PEN a a813 aFiksi aP29/CP/24/12 aP29/CP/24/12.1 aP29/CP/24/12.2 aP29/CP/24/12.3 aP29/CP/24/12.4 aP29/CP/24/12.5 aP29/CP/24/12.6 aP29/CP/24/12.7